| 000 | 01302nam a2200337Ia 4500 | ||
|---|---|---|---|
| 001 | ebr10668451 | ||
| 003 | CaPaEBR | ||
| 006 | m u | ||
| 007 | cr cn||||||||| | ||
| 008 | 020624s2002 enka sb 001 0 eng d | ||
| 010 | _z 2002283666 | ||
| 020 | _z9780761968627 | ||
| 020 | _z9781446205396 | ||
| 020 | _z076196861X | ||
| 020 | _z0761968628 (PBK.) | ||
| 040 |
_aCaPaEBR _cCaPaEBR |
||
| 035 | _a(OCoLC)606644512 | ||
| 050 | 1 | 4 |
_aH62 _b.K622 2002eb |
| 082 | 0 | 4 |
_a300.7/2 _221 |
| 100 | 1 |
_aKnight, Peter, _d1950- |
|
| 245 | 1 | 0 |
_aSmall-scale research _h[electronic resource] : _bpragmatic inquiry in social science and the caring professions / _cPeter T. Knight. |
| 260 |
_aLondon ; _aThousand Oaks, CA : _bSAGE, _c2002. |
||
| 300 |
_axiii, 223 p. : _bill. |
||
| 504 | _aIncludes bibliographical references (p. [213]-219) and index. | ||
| 533 |
_aElectronic reproduction. _bPalo Alto, Calif. : _cebrary, _d2013. _nAvailable via World Wide Web. _nAccess may be limited to ebrary affiliated libraries. |
||
| 650 | 0 |
_aSocial sciences _xResearch. |
|
| 650 | 0 |
_aResearch _xMethodology. |
|
| 655 | 7 |
_aElectronic books. _2local |
|
| 710 | 2 | _aebrary, Inc. | |
| 856 | 4 | 0 |
_uhttp://site.ebrary.com/lib/rucke/Doc?id=10668451 _zAn electronic book accessible through the World Wide Web; click to view |
| 999 |
_c61712 _d61712 |
||